| 000 | 01515nam a2200289 i 4500 | ||
|---|---|---|---|
| 001 | 192441 | ||
| 003 | ES-MaACL | ||
| 005 | 20251204162744.0 | ||
| 008 | 221215s1860 sp 000 0 spa | ||
| 080 | _a061.22(460.27 M.) | ||
| 080 | _a347.67 | ||
| 110 | 1 |
_aAcademia Matritense de Jurisprudencia y Legislación. _91204 |
|
| 245 | 1 | 0 | _aActa de la sesión inaugural de la Academia Matritense de Jurisprudencia y Legislación, celebrada el día 10 de noviembre de 1860. |
| 260 |
_aMadrid : _bImp. y Lib. de Eusebio Aguado, _c1860. |
||
| 300 |
_a48 p. ; _c25 cm. |
||
| 490 | 1 | _aActas de la Academia Matritense de Jurisprudencia y Legislación | |
| 505 | 8 | _aContiene: Memoria de las actas académicas del año anterior / José María Carrascón . Discurso inaugural [tema: ¿Cuál debe ser el límite de la sucesión intestada?] / Salustiano de Olózaga. | |
| 530 | _aDisponible en formato digital. | ||
| 610 | 2 | 4 |
_aAcademia Matritense de Jurisprudencia y Legislación. _91204 |
| 650 | 7 |
_aHerencias y sucesiones _2embne _9135883 |
|
| 700 | 1 |
_aCarrascón, José María, _d-1873 _9176112 |
|
| 700 | 1 |
_aOlózaga, Salustiano de, _d1805-1873 _987007 |
|
| 830 | 0 |
_aActas de la Academia Matritense de Jurisprudencia y Legislación. _9150797 |
|
| 852 | 4 |
_aES-MaACL _jT-64-F-9 _z- Enc. hol. _z- Enc. en un vol. facticio |
|
| 856 | 4 |
_uhttp://bvrajyl.rajyl.es/i18n/consulta/registro.cmd?id=9496 _zBiblioteca Virtual de la Real Academia de Jurisprudencia y Legislación |
|
| 999 |
_c192441 _d192441 |
||